000 00656nam a2200277Ia 4500
005 20260324144117.0
008 008 260324s9999 xx 000 0 eng d
020 _a9781351071659
037 _aEBOOK
040 _aCRL
040 _beng
040 _cCRL
041 _2eng
041 _aeng
084 _qCRL
100 _aRonald G. Albright
_91218122
245 0 _aElectronic Communications for the Home and Office
260 _bTaylor and Francis
260 _c1989
365 _a
365 _b300
856 _uhttp://www.taylorfrancis.com/books/9781351071659
942 _cEBOOK
999 _c1824327
_d1824327